Engineering mathematics / (Record no. 51354)
[ view plain ]
| 000 -LEADER | |
|---|---|
| fixed length control field | 01040nam a22002777a 4500 |
| 005 - DATE AND TIME OF LATEST TRANSACTION | |
| control field | 20110331170749.0 |
| 008 - FIXED-LENGTH DATA ELEMENTS--GENERAL INFORMATION | |
| fixed length control field | 110331t xxu||||| |||| 00| 0 eng d |
| 010 ## - LCCN (DPL NO) | |
| LC control number | ENG-102208 |
| 020 ## - INTERNATIONAL STANDARD BOOK NUMBER | |
| Terms of availability | 345.00 |
| International Standard Book Number | 9788125939924 |
| 035 ## - SYSTEM CONTROL NUMBER | |
| System control number | EN-85741 |
| 037 ## - SOURCE OF ACQUISITION | |
| Source of stock number/acquisition | DBAD/PUB |
| 040 ## - CATALOGING SOURCE | |
| Original cataloging agency | dpl |
| Language of cataloging | Eng |
| 082 ## - DEWEY DECIMAL CLASSIFICATION NUMBER | |
| Classification number | 620.00151 |
| 100 1# - MAIN ENTRY--PERSONAL NAME | |
| 9 (RLIN) | 26630 |
| Personal name | Bhui, Bikas Chandra |
| 245 10 - TITLE STATEMENT | |
| Title | Engineering mathematics / |
| Statement of responsibility, etc | by Bikas Chandra Bhui [and] D. Chatterjee |
| 250 ## - EDITION STATEMENT | |
| Edition statement | 2nd ed |
| 260 ## - PUBLICATION, DISTRIBUTION, ETC. (IMPRINT) | |
| Place of publication, distribution, etc | Noida |
| Name of publisher, distributor, etc | Vikas Publishing House |
| Date of publication, distribution, etc | 2010 |
| 270 ## - ADDRESS | |
| Address | A-22, Sector-4 |
| City | Noida |
| Postal code | 201301 |
| 300 ## - PHYSICAL DESCRIPTION | |
| Extent | V.3B(832p.) |
| Dimensions | 22cm (pbk) |
| 490 ## - SERIES STATEMENT | |
| Series statement | Vikas- WBUT students' series |
| -- | 26903 |
| 650 #0 - SUBJECT ADDED ENTRY--TOPICAL TERM | |
| 9 (RLIN) | 26631 |
| 700 ## - ADDED ENTRY--PERSONAL NAME | |
| 9 (RLIN) | 26636 |
| Personal name | Chatterjee, D. |
| 942 ## - ADDED ENTRY ELEMENTS (KOHA) | |
| Source of classification or shelving scheme | Dewey Decimal Classification |
| Item type | English Books |
| Call number suffix | BHU |
| Classification part | 620.00151 |
| Withdrawn status | Lost status | Source of classification or shelving scheme | Damaged status | Not for loan | Collection code | Home library | Current library | Date acquired | Source of acquisition | Cost, normal purchase price | Total Checkouts | Full call number | Barcode | Date last seen | Copy number | Cost, replacement price | Koha item type |
|---|---|---|---|---|---|---|---|---|---|---|---|---|---|---|---|---|---|
| Dewey Decimal Classification | Not For Loan | Non-fiction | D.B.Act.Division | D.B.Act.Division | 31/03/2011 | DBAD/PUB | 345.00 | 620.00151 BHU | EN-85741 | 31/03/2011 | 1 | 345.00 | English Books |
